|
|
|
|
| LEADER |
00000nam a2200000 i 4500 |
| 001 |
DIGEDUFV0020 |
| 003 |
NyNyDIG |
| 006 |
m o d |
| 008 |
210118s2018 sp ob 100 0 spa d |
| 007 |
cr ||||||||||| |
| 035 |
|
|
|a (OCoLC)1232109252
|
| 040 |
|
|
|a DGITA
|b eng
|e rda
|e pn
|c DGITA
|
| 020 |
|
|
|a 9788416552467
|q edición digital ;
|q pdf
|
| 020 |
|
|
|a 8416552460
|q edición digital ;
|q pdf
|
| 020 |
|
|
|a 9788418360176
|q edición digital ;
|q ePub
|
| 020 |
|
|
|a 8418360178
|q edición digital ;
|q ePub
|
| 020 |
|
|
|z 9788416552450
|q edición papel
|
| 020 |
|
|
|z 8416552452
|q edición papel
|
| 043 |
|
|
|a e-sp---
|
| 050 |
1 |
4 |
|a JC145.M3 ebook
|
| 111 |
2 |
|
|a Congreso Internacional La actualidad del padre Juan de Mariana
|d (2017 :
|c Talavera de la Reina, Spain),
|j author.
|
| 245 |
1 |
3 |
|a La actualidad del padre Juan de Mariana :
|b congreso internacional, 22, 23, y 24 de marzo de 2017, Talavera de la Reina /
|c director, Jacinto Rivera de Rosales ; coordinadores, Francisco Javier Gómez Díez, Ignacio Monar García, José Luis Pozo Fajarnés, Julián Rodríguez Ortega.
|
| 250 |
|
|
|a Primera edición.
|
| 264 |
|
1 |
|a Madrid :
|b Universidad Francisco de Vitoria, UVF Editorial,
|c [2018]
|
| 300 |
|
|
|a 1 online resource.
|
| 336 |
|
|
|a text
|b txt
|2 rdacontent
|
| 337 |
|
|
|a computer
|b c
|2 rdamedia
|
| 338 |
|
|
|a online resource
|b cr
|2 rdacarrier
|
| 347 |
|
|
|a text file
|2 rdaft
|
| 347 |
|
|
|b PDF
|
| 490 |
1 |
|
|a Actas UFV
|
| 504 |
|
|
|a Includes bibliographical references.
|
| 588 |
0 |
|
|a Online resource; title from PDF title page (Digitalia, viewed January 20, 2021)
|
| 600 |
1 |
0 |
|a Mariana, Juan de,
|d 1536-1624
|x Political and social views
|v Congresses.
|
| 600 |
1 |
0 |
|a Mariana, Juan de,
|d 1536-1624
|v Congresses.
|
| 655 |
|
7 |
|a Conference papers and proceedings.
|2 lcgft
|
| 655 |
|
0 |
|a Electronic books.
|
| 700 |
1 |
|
|a Rivera de Rosales, Jacinto,
|e editor.
|
| 700 |
1 |
|
|a Gómez Díez, Francisco Javier,
|e aggregator agent.
|
| 710 |
2 |
|
|a Forum Hispanoamericano Francisco de Vitoria.
|
| 791 |
2 |
|
|a Digitalia (Firm),
|e distributor.
|
| 793 |
0 |
|
|g Digitalia eBook Collection:
|a Editorial Universidad Francisco de Vitoria
|
| 776 |
0 |
8 |
|i Print version:
|a Congreso Internacional La actualidad del padre Juan de Mariana (2017 : Talavera de la Reina, Spain).
|t Actualidad del padre Juan de Mariana.
|b Primera edición.
|d Madrid : Universidad Francisco de Vitoria, Editorial UVF, 2018
|z 9788416552450
|w (DLC) 2015381501
|w (OCoLC)1043834194
|
| 830 |
|
0 |
|a Actas UFV ;
|v No. 1
|
| 856 |
4 |
0 |
|3 Digitalia Hispánica
|u https://www.digitaliapublishing.com/a/61855/
|
| 910 |
|
|
|a Premium collection: 2021
|